000 00187 a2200097 4500
020 _a9780545458320
041 _aspa
100 _aKlein, Abby
245 _aMostrar y contar
942 _cBK
999 _c13294
_d13294